| 000 | 01354cam a22003617a 4500 | ||
|---|---|---|---|
| 003 | CHAP | ||
| 005 | 20220329142557.0 | ||
| 008 | 020122s2001 mx a r 00010 spa d | ||
| 010 | _a85202 | ||
| 011 | _a86174 | ||
| 035 | _a96712 | ||
| 040 | _cCHAP | ||
| 090 | _aTesis | ||
| 100 | 0 | 0 |
_aSantiago García, Gabriela. _9102337 |
| 245 | 1 | 0 |
_aAdministración de calidad y sistémas de calidad en base a la ISO 9004 : 2000 en la microempresa PADASA _c/por Gabriela Santiago García |
| 260 |
_aChapingo, Méx. : _bEl autor, _c2001 |
||
| 300 |
_a142 h. : _bilus. |
||
| 502 | _aTesis (Lic. en Administración de Empresas Agropecuarias) -- UACH. División de Ciencias Económico-Administrativas | ||
| 590 |
_aALEPH _b10 _c20130110 _lUCH01 _h1445 |
||
| 590 |
_aBATCH-UPD _b10 _c20130110 _lUCH01 _h0432 |
||
| 590 |
_aBATCH-UPD _b10 _c20130110 _lUCH01 _h2107 |
||
| 590 |
_aBATCH-UPD _b10 _c20130410 _lUCH01 _h0107 |
||
| 590 |
_aBATCH-UPD _b10 _c20130914 _lUCH01 _h0818 |
||
| 590 |
_aCONVERSION _b10 _c20130109 _lUCH01 _h1347 |
||
| 650 | 1 | 4 |
_aCalidad _xControl de la. _917484 |
| 650 | 1 | 4 |
_aEmpresas pequeñas. _936658 |
| 650 | 1 | 4 |
_aMermelada _xNormas de calidad. _975011 |
| 901 | _aBK | ||
| 905 | _aMayto Villalobos S. | ||
| 942 | _cFOLL | ||
| 949 |
_aTesis _bBC _cLIBRO _d967121 _eTS1 _h39076 _i96712 _sb |
||
| 949 |
_aTesis _bBC _cTES _d33724000858932 _eTS2 _fc.2 _h39075 _i96712 _sb |
||
| 999 |
_c85202 _d85202 |
||